I difetti della giurisprudenza ieri e oggi: giornata di studi L. A. Muratori: atti del convegno
Gespeichert in:
| Format: | Buch |
|---|---|
| Sprache: | Italienisch |
| Veröffentlicht: |
Milán
Dott. A. Giuffrè
2002
|
| Schriftenreihe: | Rassegna Forense. Quaderni, 8
|
| Schlagworte: | |
| Tags: |
Tag hinzufügen
Keine Tags, Fügen Sie den ersten Tag hinzu!
|
MARC
| LEADER | 00000nam a2200000 a 4500 | ||
|---|---|---|---|
| 001 | UCK1121 | ||
| 003 | CL-VaPUC | ||
| 005 | 20220620111925.0 | ||
| 008 | 041105e20020000it 1 ita d | ||
| 999 | |c 384082 |d 384080 | ||
| 020 | |a 8814093997 | ||
| 040 | |c Pontificia Universidad Católica de Valparaíso | ||
| 082 | 0 | 4 | |a 340.1 |b DIF |2 21 |
| 245 | 1 | 2 | |a I difetti della giurisprudenza ieri e oggi: giornata di studi L. A. Muratori: atti del convegno |
| 260 | |a Milán |b Dott. A. Giuffrè |c 2002 | ||
| 300 | |a 211 p | ||
| 490 | 0 | |a Rassegna Forense. Quaderni, 8 | |
| 518 | |p Convegno di Vignola, 1, Milán, 2 dicembre 2000 | ||
| 536 | |a Castello Boncompagni Ludovisi | ||
| 546 | |a En Italiano | ||
| 583 | |a last modification |c 20190823 10:32:11 |k Rodrigo Vera | ||
| 600 | |a Muratori, Ludovico Antonio, |d 1672-1750 |9 870950 | ||
| 650 | 0 | 0 | |a Filosofía del derecho |9 255050 |
| 650 | 0 | 0 | |a Teoría del derecho |9 255982 |
| 650 | 0 | 0 | |a Ordenamiento jurídico |9 355371 |
| 650 | 0 | 0 | |a Jurisprudencia |9 255952 |
| 942 | |c BK |2 ddc | ||
| 945 | |a cmena |d 20041105 00:00:00 | ||
| 952 | |0 0 |1 0 |4 0 |6 340_100000000000000_DIF_2002 |7 0 |8 DER_HIS |9 506522 |a BIBDER |b BIBDER |d 2020-01-23 |i 4064879 |o 340.1 DIF 2002 |p 4064879 |r 2023-01-25 |w 2020-01-23 |x Ubicación 4to Piso |y BK |z Estos recursos deben solicitarse con anticipación |k DER | ||
| 952 | |0 0 |1 0 |4 0 |6 340_100000000000000_DIF_2002 |7 0 |8 A |9 506523 |a BIBDER |b BIBDER |d 2020-01-23 |i 4663314 |o 340.1 DIF 2002 |p 4663314 |r 2023-01-25 |w 2020-01-23 |y BK |k DER | ||